Quiz sulla Romagna - Statistics

Statistiche generali
  • Questo quiz è stato fatto 61 volte
  • Il punteggio medio è 9 su 15
Statistiche sulle risposte
Hint Risposta % Corretto
Provincia della Romagna Ravenna
100%
Provincia della Romagna Rimini
98%
Provincia della Romagna Forlì-Cesena
92%
Provincia con alcuni territori in Romagna Bologna
90%
Stato all'interno della Romagna San Marino
88%
Località balneari più famose Riccione
85%
Famoso parco divertimenti di Ravenna Mirabilandia
79%
Località balneari più famose Cesenatico
63%
Località balneari più famose Cervia
44%
Vino rosso romagnolo Sangiovese
42%
Provincia con alcuni territori in Romagna Pesaro-Urbino
40%
Provincia con alcuni territori in Romagna Firenze
35%
Provincia con alcuni territori in Romagna Arezzo
33%
Animale simbolo della Romagna Gallo
19%
Piccola città sopra faenza piena di calanchi Brisighella
13%
Nessun quiz corrispondente trovato
Distribuzione punteggi
Percentuale di utenti per punteggio
Percentile per numero di risposta
I tuoi punteggi nel tempo
Non hai fatto questo quiz